| 000 | 00469nam a2200169Ia 4500 | ||
|---|---|---|---|
| 008 | 230711s9999||||xx |||||||||||||| ||und|| | ||
| 020 | _a978-0-07-066048-9 | ||
| 041 | _aENG | ||
| 082 |
_a5.133 _bMA-L |
||
| 100 | _aMartin,John C | ||
| 245 | 0 | _aIntroduction to language and the theroy of computation | |
| 250 | _a3rd Ed. | ||
| 260 |
_c2007 _aNew Delhi _bMcGraw Hill Education(India) Private Limited |
||
| 300 | _a543p. | ||
| 650 | _aComputer Engineering | ||
| 942 | _cBK | ||
| 999 |
_c6391 _d6391 |
||